| 000 | 00000cam 2200000zi 4500 |
| 001 | 9.957471 |
| 003 | CaOODSP |
| 005 | 20251120133618 |
| 006 | m o d f |
| 007 | cr |n||||||||| |
| 008 | 251120t20042004oncda ofbi f|0| 0 fre d |
| 020 | |z0662777433 |
| 040 | |aCaOODSP|bfre|erda|cCaOODSP |
| 043 | |an-cn--- |
| 086 | 1 |aNM95-59/11-2004F-PDF|zNM95-59/11-2004F |
| 100 | 1 |aSelwyn, Lyndsie, |eauteur. |
| 245 | 10|aMétaux et corrosion : |bun manuel pour le professionnel de la conservation / |cLyndsie Selwyn. |
| 264 | 1|aOttawa ON : |bCanadian Conservation Institute = Institut canadien de conservation, |c2004. |
| 264 | 4|c©2004 |
| 300 | |a1 ressource en ligne (239, [1] pages) : |bgraphiques, illustrations |
| 336 | |atexte|btxt|2rdacontent/fre |
| 337 | |ainformatique|bc|2rdamedia/fre |
| 338 | |aressource en ligne|bcr|2rdacarrier/fre |
| 500 | |aPublié aussi en anglais sous le titre : Metals and corrosion: a handbook for the conservation professional. |
| 504 | |aComprend des références bibliographiques et un index. |
| 650 | 6|aMétaux|xFatigue sous corrosion|zCanada|vGuides, manuels, etc. |
| 650 | 6|aMétaux|xConservation|zCanada|vGuides, manuels, etc. |
| 650 | 6|aMusées|xMéthodes de conservation|zCanada. |
| 655 | 7|aGuides et manuels|2rvmgf |
| 710 | 2 |aInstitut canadien de conservation, |eorganisme de publication. |
| 775 | 08|tMetals and corrosion : |w(CaOODSP)9.957469 |
| 856 | 40|qPDF|s65 Mo|uhttps://publications.gc.ca/collections/collection_2025/pch/NM95-59-11-2004-fra.pdf |